000 00321nam a22001337a 4500
008 170801b xxu||||| |||| 00| 0 eng d
020 _a0619217553
041 _aeng
080 _a004
100 _a32
101 _aSHK
245 _aMICROSOFT WINDOWS SERVER 2003 ACTIVE DIRECTORY, ENHANCED
_cAUBERT,M
942 _2udc
_cBK
999 _c22401
_d22401